000 00682cam a2200253 4500500
005 20260405003843.0
041 _afre
042 _adc
100 1 0 _aLacroix, Alexandre
_eauthor
245 0 0 _aLe recours aux forêts
260 _c2024.
500 _a9
690 _aAlexandre Lacroix
690 _aBois
690 _aCaché
690 _aÉsotérisme
690 _aforêt
690 _aHabitat
690 _aReportage
690 _aSauvage
690 _aSolitude
786 0 _nPhilosophie magazine | 181 | 6 | 2024-07-01 | p. 30-32 | 1951-1787
856 4 1 _uhttps://shs.cairn.info/magazine-philosophie-magazine-2024-6-page-30?lang=fr&redirect-ssocas=7080
999 _c2071475
_d2071475